000
00241nam a2200121Ia 4500
100
_a
author
942
_c
BK
654
_a
Regression analysis
245
_a
Applied Regression Analysis
260
_b
#N/A
546
_a
ENGLISH
999
_c
35370
_d
35370